00886nam a22002057a 4500003000900000008004100009040007100050082001500121110004400136245005700180260004200237300006500279505017000344650001700514650002100531650001500552700003500567700003800602700004000640AR-CdUCM190320b ||||| |||| 00| 0 spa d aMUNICIPALIDAD PROVINCIAL DEL CUSCOcBIBLIOTECA MUNICIPAL DEL CUSCO a576 /bM22 aDirección General de Salud Ambiental  aManual de Análisis Microbiológico de Alimentos / aLima :bDecisión Gráfica ;c2001. a181 páginas ;bTablas, fotografías, ilustraciones c29cm aContenido: Examen microbiológico de alimentos -- Equipos y materiales de laboratorio -- Técnicas microbiológicas -- Lavado de materiales -- Esterilización... aLaboratorio  aMicrobiología  aAlimentos  aAzabache Venegas, Neil (Blgo) aVillanueva Huamán, Edith (Blgo) aBarrientos Gómez, Giovanna (Blgo)